National Fish of Countries - Statistics

General Stats
  • This quiz has been taken 38 times
  • The average score is 10 of 30
Answer Stats
National Fish (common name) Country % Correct
Chinese Sturgeon China
100%
Kaluga Sturgeon Russia
77%
Red Bellied Piranha Brazil
73%
Koi Carp Japan
73%
Cuban Gar Cuba
55%
Norwegian Cod Norway
55%
Pakistani Mahseer Pakistan
50%
Atlantic Cod Canada
45%
Atlantic Salmon U.K.
45%
Baltic Hering Estonia
41%
Peruvian anchoveta Peru
41%
Fermented Shark Iceland
36%
Rio Grande Cutthroat Trout Mexico
36%
Java Mahseer Malaysia
32%
Bacalhau Portugal
27%
Garabaldi Italy
23%
Siamese fighting fish Vietnam
23%
Ilish Bangladesh
18%
Flying Fish Barbados
18%
Red asian arowana Indonesia
18%
Buzaqq Malta
18%
Indian Taakree Myanmar
18%
Golden dorodo Argentina
14%
Blue Marlin Bahamas
14%
Northern pike Ireland
14%
Powederblue Tang Maldives
14%
Milkfish Philippines
14%
Galjoen South Africa
14%
Lionfish Dominican Republic
9%
Hake Spain
9%
No matching quizzes found
Score Distribution
Percent of People with Each Score
Percentile by Number Answered
Your Score History
You have not taken this quiz